How to be a successful technical trainer : (Record no. 125486)

MARC details
000 -LEADER
fixed length control field 00824nam a22002417a 4500
005 - DATE AND TIME OF LATEST TRANSACTION
control field 20170124105955.0
010 ## - LIBRARY OF CONGRESS CONTROL NUMBER
LC control number B-061542
020 ## - INTERNATIONAL STANDARD BOOK NUMBER
Terms of availability 00.00
International Standard Book Number 007044496
035 ## - SYSTEM CONTROL NUMBER
System control number B-061542
037 ## - SOURCE OF ACQUISITION
Source of stock number/acquisition Cen Lib/Ret
040 ## - CATALOGING SOURCE
Original cataloging agency DPL
Language of cataloging EN
082 ## - DEWEY DECIMAL CLASSIFICATION NUMBER
Classification number 371.1
Item number KEY
100 ## - MAIN ENTRY--PERSONAL NAME
Personal name Keys, Terrance
9 (RLIN) 14520
245 ## - TITLE STATEMENT
Title How to be a successful technical trainer :
Remainder of title by Terrance Keys [and] Andrew R. Zeff
Statement of responsibility, etc core skills for instructor certification /
260 ## - PUBLICATION, DISTRIBUTION, ETC. (IMPRINT)
Place of publication, distribution, etc New Delhi
Name of publisher, distributor, etc Tata McGraw-Hill Publishing Company Limited
Date of publication, distribution, etc 2001
270 ## - ADDRESS
Address 7 West Patel Nagar
City New Delhi
Postal code 110008
300 ## - PHYSICAL DESCRIPTION
Extent xvi,389p. :
Other physical details ill.
Dimensions 23cm(Hb)
500 ## - GENERAL NOTE
General note Includes index.
650 ## - SUBJECT ADDED ENTRY--TOPICAL TERM
Topical term or geographic name as entry element Education
9 (RLIN) 1169
650 ## - SUBJECT ADDED ENTRY--TOPICAL TERM
Topical term or geographic name as entry element Technology -- Study and teaching.
9 (RLIN) 14521
700 ## - ADDED ENTRY--PERSONAL NAME
Personal name Zeff, Andrew R.
9 (RLIN) 14522
942 ## - ADDED ENTRY ELEMENTS (KOHA)
Source of classification or shelving scheme Dewey Decimal Classification
Koha item type English Books
Classification part 371.1
Call number suffix KEY
Holdings
Withdrawn status Lost status Damaged status Not for loan Home library Current library Date acquired Source of acquisition Cost, normal purchase price Total Checkouts Full call number Barcode Date last seen Copy number Cost, replacement price Price effective from Koha item type
        Central Library Central Library 22/06/2015 Cen Lib/Ret 0.00   371.1 KEY B-061542 22/06/2015 1 0.00 22/06/2015 English Books

© Delhi Public Library
Hit Counter
free hit counter